00695nam a22002297a 450000500170000001000220001702000260003903500170006503500130008203500140009503700170010903700130012608200130013910000180015224501010017025000120027126000450028327000530032830000440038150000190042570000210044420170809165336.0 a1617EN ENG-117001 a9780198089131c825.00 aB-651645-651 aB-669810 aEN-100533 adplbPragati bDBAD/PUB a621.3815 aSedra Adel S. aMicroelectronics circuits :c by Adera S. Sedra [and] Kenneth C. Smithbtheory and applications/ a6th ed. aNew DelhibOxford University Pressc2015 aYMCA Building Jai Singh Road bNew Delhie110001x axxiv.1384p :c26cm. (Pbk)billeCD-ROMs aIncludes index aSmith,Kenneth C.